| 000 | 00910nam a2200217 a 4500 | ||
|---|---|---|---|
| 003 | 0 | ||
| 005 | 20250522161113.0 | ||
| 008 | 021128s19uu xx 00 eng d | ||
| 050 |
_aPGS LC 220.5 _b.D364 2001 |
||
| 100 | _aDel Rosario, Edouine Jane Gijet J. | ||
| 245 |
_aThe awareness, perceptions and participation of the grade 6 students about the Southville International School POUCH program / _cEdouine Jane Gijet J. Del Rosario. |
||
| 260 |
_aLas PiƱas City, Philippines : _bSouthville International School and Colleges, _c2001. |
||
| 300 |
_a19 pages : _bcolored illustrations ; _c28 cm. |
||
| 504 | _aIncludes bibliographical references. | ||
| 650 | _aService learning. | ||
| 650 | _aStudent volunteers in social service. | ||
| 650 |
_aUrban poor _zPhilippines. |
||
| 650 |
_aCommunity and school _zPhilippines. |
||
| 650 | _aSouthville International School (Philippines). | ||
| 942 |
_2lcc _cPASS |
||
| 999 |
_c96532 _d96532 |
||